000 00251nam a2200097Ia 4500
008 171211s9999 xx 000 0 und d
245 4 _aThe Sinking of the Bismarck: The Deadly Hunt
245 _cWilliam L. Shirer
260 _c2014
650 _xMilitary
999 _c348319
_d348319